[Event "Jakarta Japfa Cup"]
[Site "Jakarta"]
[Date "2022.05.08"]
[Round "8"]
[White "Surya, Wahyudi"]
[Black "Purnama, Tirta Chandra"]
[Result "1/2-1/2"]
[WhiteElo "2242"]
[BlackElo "2267"]
[PlyCount "53"]
[EventDate "2022.05.05"]
[EventType "tourn"]
[EventRounds "10"]
[EventCountry "INA"]
[SourceTitle "CBM 208 Extra"]
[Source "ChessBase"]
[SourceDate "2022.07.31"]
[SourceVersion "1"]
[SourceVersionDate "2022.07.31"]
[SourceQuality "1"]

1. d4 Nf6 2. Nf3 d6 3. c4 g6 4. Nc3 Bg7 5. e4 0-0 6. Be2 c6 7. 0-0 a6 8. Re1 Nbd7 9. h3 e5 10. Bf1 Re8 11. b3 Qc7 12. Bb2 h6 13. Qd2 b5 14. Rac1 bxc4 15. Bxc4 Bb7 16. Ba3 exd4 17. Nxd4 c5 18. Nf3 Nxe4 19. Nxe4 Rxe4 20. Rxe4 Bxe4 21. Qf4 Bf5 22. g4 Be6 23. Bxe6 fxe6 24. Qe4 Re8 25. Qxg6 Re7 26. Re1 Nf8 27. Qd3 1/2-1/2

[Event "Eastern Asia-ch zt 3.3"]
[Site "Ulaanbaatar"]
[Date "2019.04.14"]
[Round "8"]
[White "Priasmoro, Novendra"]
[Black "Surya, Wahyudi"]
[Result "1-0"]
[WhiteElo "2479"]
[BlackElo "2197"]
[PlyCount "67"]
[EventDate "2019.04.07"]
[EventType "swiss"]
[EventRounds "9"]
[EventCountry "MGL"]
[SourceTitle "CBM 189 Extra"]
[Source "ChessBase"]
[SourceDate "2019.06.03"]
[SourceVersion "1"]
[SourceVersionDate "2019.06.03"]
[SourceQuality "1"]

1. e4 Nc6 2. d4 e5 3. dxe5 Nxe5 4. f4 Nc6 5. Nf3 Bc5 6. Nc3 d6 7. Na4 Bg4 8. Bb5 Nge7 9. Nxc5 dxc5 10. Be3 Qd6 11. h3 Bxf3 12. Qxf3 0-0-0 13. c3 a6 14. Be2 Kb8 15. 0-0 f5 16. e5 Qg6 17. Rfd1 Rxd1+ 18. Rxd1 Qe6 19. b3 g5 20. Bc4 Qg6 21. Bxc5 g4 22. hxg4 fxg4 23. Qd3 Nf5 24. Qd7 Ng3 25. e6 Ne4 26. Be3 Nxc3 27. Rd3 Ne4 28. e7 Nd6 29. Rxd6 cxd6 30. f5 Qh5 31. Qxd6+ Ka8 32. f6 Qa5 33. Qc5 Qe1+ 34. Bf1 1-0

[Event "Eastern Asia-ch zt 3.3"]
[Site "Ulaanbaatar"]
[Date "2019.04.09"]
[Round "3"]
[White "Surya, Wahyudi"]
[Black "Tugstumur, Yesuntumur"]
[Result "1/2-1/2"]
[WhiteElo "2197"]
[BlackElo "2355"]
[PlyCount "112"]
[EventDate "2019.04.07"]
[EventType "swiss"]
[EventRounds "9"]
[EventCountry "MGL"]
[SourceTitle "CBM 189 Extra"]
[Source "ChessBase"]
[SourceDate "2019.06.03"]
[SourceVersion "1"]
[SourceVersionDate "2019.06.03"]
[SourceQuality "1"]

1. d4 Nf6 2. Nf3 g6 3. c4 Bg7 4. Nc3 0-0 5. e4 d6 6. Be2 Na6 7. 0-0 e5 8. Be3 Ng4 9. Bg5 Qe8 10. h3 h6 11. Bc1 Nf6 12. dxe5 dxe5 13. Be3 Qe7 14. Qc1 Kh7 15. c5 c6 16. Nd2 Be6 17. a3 Rad8 18. b4 Nc7 19. Qc2 Bc8 20. Rfd1 Ne6 21. Nb3 Ng8 22. Rxd8 Rxd8 23. Rd1 Nd4 24. Bxd4 exd4 25. Nb1 Qg5 26. Rd3 f5 27. N1d2 Qe7 28. Rf3 Nf6 29. Bd3 g5 30. exf5 Kh8 31. Ne4 Nd5 32. g3 h5 33. f6 Bxf6 34. Nxf6 Nxf6 35. Qe2 Qxe2 36. Bxe2 Kg7 37. Rd3 Bxh3 38. Nxd4 Re8 39. Bf3 Re5 40. Nb3 Re1+ 41. Kh2 Bf5 42. Re3 Rxe3 43. fxe3 Bc8 44. Na5 Kf8 45. Nc4 Bd7 46. Nd6 b5 47. cxb6 axb6 48. Nc4 b5 49. Ne5 Ke7 50. Nxc6+ Bxc6 51. Bxc6 Ng4+ 52. Kh3 Nxe3 53. Bxb5 Nc2 54. Be2 h4 55. gxh4 gxh4 56. Bd3 Nxa3 1/2-1/2

[Event "Eastern Asia-ch zt 3.3"]
[Site "Ulaanbaatar"]
[Date "2019.04.08"]
[Round "2"]
[White "Agibileg, Uurtsaikh"]
[Black "Surya, Wahyudi"]
[Result "1-0"]
[WhiteElo "2403"]
[BlackElo "2197"]
[PlyCount "137"]
[EventDate "2019.04.07"]
[EventType "swiss"]
[EventRounds "9"]
[EventCountry "MGL"]
[SourceTitle "CBM 189 Extra"]
[Source "ChessBase"]
[SourceDate "2019.06.03"]
[SourceVersion "1"]
[SourceVersionDate "2019.06.03"]
[SourceQuality "1"]

1. d4 Nf6 2. c4 e6 3. Nf3 Bb4+ 4. Nbd2 0-0 5. a3 Bxd2+ 6. Qxd2 b6 7. Qc2 Bb7 8. Bg5 h6 9. Bh4 d6 10. e3 Nbd7 11. Rd1 Qe8 12. Bd3 e5 13. dxe5 dxe5 14. Bf5 g6 15. Bh3 Kg7 16. Bg3 e4 17. Bxd7 Nxd7 18. Qc3+ f6 19. Nd4 Ne5 20. 0-0 Rf7 21. b4 Rc8 22. c5 Ba6 23. b5 Bxb5 24. Nxb5 Qxb5 25. Bxe5 fxe5 26. Qxe5+ Kh7 27. Rd5 Qa4 28. h4 Re8 29. Qc3 Qc6 30. Qd4 h5 31. Rd1 Ree7 32. Rd8 Qf6 33. Qxf6 Rxf6 34. R1d7 Rff7 35. c6 Kg7 36. Rd4 Re6 37. Rc4 Rff6 38. Rd7+ Rf7 39. Rdd4 Rff6 40. Rd7+ Rf7 41. Kf1 Kf8 42. Rd8+ Kg7 43. Rdd4 Ref6 44. Rc2 Re7 45. Ke2 Kh6 46. f3 exf3+ 47. gxf3 Ree6 48. Rd7 Rxc6 49. Rxc7 Rxc2+ 50. Rxc2 g5 51. hxg5+ Kxg5 52. Rc7 a6 53. f4+ Kh6 54. Kf3 b5 55. e4 Rb6 56. Ra7 Rc6 57. f5 Kg5 58. Rg7+ Kh6 59. Rg1 Rc3+ 60. Kf4 Rxa3 61. Rg6+ Kh7 62. e5 Ra4+ 63. Kg5 h4 64. e6 Re4 65. Rh6+ Kg8 66. Rxh4 Rxh4 67. Kxh4 b4 68. Kg5 b3 69. Kf6 1-0

[Event "Penang op 6th"]
[Site "Penang"]
[Date "2014.12.11"]
[Round "7"]
[White "Surya, Wahyudi"]
[Black "Subramaniam, Shreyes"]
[Result "0-1"]
[WhiteElo "2290"]
[BlackElo "1828"]
[PlyCount "64"]
[EventDate "2014.12.08"]
[EventType "swiss"]
[EventRounds "9"]
[EventCountry "MAS"]
[SourceTitle "CBM 163 Extra"]
[Source "ChessBase"]
[SourceDate "2014.12.23"]
[SourceVersion "1"]
[SourceVersionDate "2014.12.23"]
[SourceQuality "1"]

1. d4 d5 2. Nf3 Nf6 3. c4 e6 4. Nc3 Be7 5. e3 0-0 6. Qc2 b6 7. Bd3 Bb7 8. cxd5 exd5 9. 0-0 c5 10. dxc5 bxc5 11. Na4 Ne4 12. Nd2 f5 13. f3 c4 14. Nxc4 dxc4 15. Bxc4+ Kh8 16. fxe4 Bxe4 17. Qe2 Nc6 18. Rd1 Qc7 19. Nc3 Ne5 20. Nxe4 Nxc4 21. Nd2 Nxe3 22. Re1 Bc5 23. Kh1 Ng4 24. g3 Bb4 25. Qf3 Rad8 26. Re2 Ne5 27. Qf1 f4 28. gxf4 Nd3 29. Ne4 Qc6 30. a3 Ba5 31. f5 Rd4 32. f6 Rxf6 0-1

[Event "Penang op 6th"]
[Site "Penang"]
[Date "2014.12.10"]
[Round "5"]
[White "Surya, Wahyudi"]
[Black "Cabe, Arlan"]
[Result "0-1"]
[WhiteElo "2290"]
[BlackElo "2192"]
[PlyCount "66"]
[EventDate "2014.12.08"]
[EventType "swiss"]
[EventRounds "9"]
[EventCountry "MAS"]
[SourceTitle "CBM 163 Extra"]
[Source "ChessBase"]
[SourceDate "2014.12.23"]
[SourceVersion "1"]
[SourceVersionDate "2014.12.23"]
[SourceQuality "1"]

1. d4 Nf6 2. Nf3 g6 3. c4 Bg7 4. Nc3 d5 5. Qb3 dxc4 6. Qxc4 0-0 7. e4 a6 8. Bg5 b5 9. Qb3 Bg4 10. Ne5 Be6 11. d5 Nxe4 12. dxe6 Nxg5 13. exf7+ Nxf7 14. Rd1 Qe8 15. Nf3 c5 16. Be2 c4 17. Qc2 Nc6 18. Nd5 Rd8 19. a3 e6 20. Nc3 Nfe5 21. Nxe5 Rxd1+ 22. Nxd1 Bxe5 23. Qe4 Rf4 24. Qe3 Qf7 25. 0-0 Bd4 26. Qd2 Bc5 27. Ne3 Nd4 28. Bd1 h5 29. a4 Kh7 30. h3 Qd7 31. Qc1 Qd6 32. Qb1 Qe5 33. Kh1 Kg7 0-1

[Event "Jakarta Indonesia op 3rd"]
[Site "Jakarta"]
[Date "2013.10.15"]
[Round "8"]
[White "Ardiansyah, Haji"]
[Black "Surya, Wahyudi"]
[Result "1-0"]
[WhiteElo "2368"]
[BlackElo "2279"]
[PlyCount "57"]
[EventDate "2013.10.10"]
[EventType "swiss"]
[EventRounds "11"]
[EventCountry "INA"]
[SourceTitle "CBM 156 Extra"]
[Source "ChessBase"]
[SourceDate "2013.10.22"]
[SourceVersion "1"]
[SourceVersionDate "2013.10.22"]
[SourceQuality "1"]

1. d4 Nf6 2. g3 e6 3. Bg2 c5 4. Nf3 cxd4 5. Nxd4 d5 6. c4 e5 7. Nc2 d4 8. f4 Bd6 9. 0-0 Nc6 10. fxe5 Bxe5 11. Bf4 Nd7 12. Nba3 Qb6 13. Bxc6 d3+ 14. e3 bxc6 15. Qxd3 Nc5 16. Qe2 Nd7 17. Nd4 0-0 18. c5 Qxc5 19. Rac1 Qd5 20. Nxc6 Bf6 21. b4 Nb6 22. Be5 Bb7 23. Rc5 Qe6 24. Bxf6 Bxc6 25. Re5 Qd7 26. Bxg7 Kxg7 27. Rg5+ Kh8 28. Qb2+ f6 29. Rxf6 1-0

[Event "Jakarta Indonesia op 3rd"]
[Site "Jakarta"]
[Date "2013.10.10"]
[Round "1"]
[White "Surya, Wahyudi"]
[Black "Gundavaa, Bayarsaihan"]
[Result "0-1"]
[WhiteElo "2279"]
[BlackElo "2500"]
[PlyCount "98"]
[EventDate "2013.10.10"]
[EventType "swiss"]
[EventRounds "11"]
[EventCountry "INA"]
[SourceTitle "CBM 156 Extra"]
[Source "ChessBase"]
[SourceDate "2013.10.22"]
[SourceVersion "1"]
[SourceVersionDate "2013.10.22"]
[SourceQuality "1"]

1. d4 Nf6 2. Nf3 g6 3. c4 Bg7 4. Nc3 0-0 5. e4 d6 6. Be2 Na6 7. 0-0 e5 8. Be3 Ng4 9. Bg5 Qe8 10. h3 h6 11. Bc1 Nf6 12. dxe5 dxe5 13. Be3 Qe7 14. Qc1 Kh7 15. Nd5 Qd8 16. Rd1 Nxe4 17. Qc2 Nec5 18. b4 Ne6 19. Rab1 Bd7 20. c5 c6 21. Bxa6 bxa6 22. Nc3 Nd4 23. Bxd4 Bf5 24. Ne4 exd4 25. g4 Be6 26. Nd6 Bd5 27. Qd3 Bxa2 28. Ra1 Bd5 29. Rxa6 Rb8 30. Nxd4 Rxb4 31. Nxc6 Bxc6 32. Rxc6 Qg5 33. Qd5 Qf4 34. Rc7 Rd4 35. Rxd4 Bxd4 36. Rxf7+ Rxf7 37. Qxf7+ Qxf7 38. Nxf7 Bxc5 39. Ne5 a5 40. Nd3 Bd4 41. Kg2 a4 42. f4 a3 43. Nb4 Bc3 44. Na2 Bd2 45. Kf3 Kg7 46. Ke4 Kf6 47. h4 h5 48. gxh5 gxh5 49. f5 Be1 0-1

[Event "Jakarta Indonesia op 2nd"]
[Site "Jakarta"]
[Date "2012.10.16"]
[Round "8"]
[White "Surya, Wahyudi"]
[Black "Fahmi, Jauhari"]
[Result "1-0"]
[WhiteElo "2293"]
[BlackElo "2184"]
[PlyCount "103"]
[EventDate "2012.10.11"]
[EventType "swiss"]
[EventRounds "9"]
[EventCountry "INA"]
[SourceTitle "EXT 2013"]
[Source "ChessBase"]
[SourceDate "2012.11.22"]
[SourceVersion "1"]
[SourceVersionDate "2012.11.22"]
[SourceQuality "1"]

1. d4 Nf6 2. Nf3 g6 3. c4 Bg7 4. Nc3 0-0 5. Bf4 d6 6. e3 b6 7. Be2 Bb7 8. h3 Nbd7 9. 0-0 Re8 10. Qc2 e5 11. Bh2 exd4 12. exd4 Ne4 13. Rfe1 Nxc3 14. Qxc3 Nc5 15. Rad1 Ne4 16. Qc1 Qf6 17. Bf4 Re7 18. Bd3 Rae8 19. Re2 Qe6 20. Rde1 Qd7 21. d5 Nf6 22. Be3 c6 23. dxc6 Bxc6 24. Nd4 Ba8 25. Bg5 Rxe2 26. Rxe2 Rxe2 27. Bxe2 Ne4 28. Be3 Qa4 29. a3 Nc5 30. Nb5 Qb3 31. Bd4 Bxd4 32. Nxd4 Qa2 33. Nb5 Nb3 34. Qe3 Bc6 35. Nxa7 Bd7 36. Qxb6 Qxb2 37. Bd1 Ba4 38. Qxd6 Qc1 39. Kh2 Qxc4 40. Bxb3 Qxb3 41. Nc8 Qc2 42. Ne7+ Kg7 43. Qd4+ Kf8 44. Nd5 Ke8 45. Qe5+ Kd8 46. Qe7+ Kc8 47. Nb6+ Kb8 48. Qb4 Bc6 49. Nc4+ Kc8 50. Qf8+ Kb7 51. Qxf7+ Ka6 52. Ne3 1-0

[Event "Jakarta Indonesia op 2nd"]
[Site "Jakarta"]
[Date "2012.10.12"]
[Round "3"]
[White "Surya, Wahyudi"]
[Black "Wei, Yi"]
[Result "0-1"]
[WhiteElo "2293"]
[BlackElo "2454"]
[PlyCount "85"]
[EventDate "2012.10.11"]
[EventType "swiss"]
[EventRounds "9"]
[EventCountry "INA"]
[SourceTitle "EXT 2013"]
[Source "ChessBase"]
[SourceDate "2012.11.22"]
[SourceVersion "1"]
[SourceVersionDate "2012.11.22"]
[SourceQuality "1"]

1. d4 Nf6 2. Nf3 d5 3. c4 e6 4. Nc3 Bb4 5. Qb3 c5 6. a3 Ba5 7. e3 Nc6 8. dxc5 0-0 9. Bd2 d4 10. exd4 Nxd4 11. Qd1 e5 12. b4 Bc7 13. Be3 a5 14. Rc1 Bg4 15. Be2 Nxe2 16. Qxd8 Rfxd8 17. Nxe2 axb4 18. axb4 Ra4 19. Rb1 Ra2 20. Nc3 Rc2 21. Nb5 Bb8 22. 0-0 Rxc4 23. Rfc1 Rxc1+ 24. Rxc1 Nd5 25. Rd1 Rd7 26. Ra1 Rd8 27. Rd1 f6 28. Nc3 Be6 29. b5 Bc7 30. Nxd5 Rxd5 31. Ra1 Bd8 32. h3 Be7 33. Ra8+ Kf7 34. c6 Rxb5 35. c7 Rb1+ 36. Kh2 e4 37. Nd2 Rc1 38. Bf4 g5 39. Bg3 f5 40. Be5 Bf6 41. Bd6 Rc6 42. Rf8+ Kg7 43. Bg3 0-1

[Event "Jakarta Indonesia op 2nd"]
[Site "Jakarta"]
[Date "2012.10.12"]
[Round "2"]
[White "Suryanto"]
[Black "Surya, Wahyudi"]
[Result "0-1"]
[WhiteElo "2149"]
[BlackElo "2293"]
[PlyCount "64"]
[EventDate "2012.10.11"]
[EventType "swiss"]
[EventRounds "9"]
[EventCountry "INA"]
[SourceTitle "EXT 2013"]
[Source "ChessBase"]
[SourceDate "2012.11.22"]
[SourceVersion "1"]
[SourceVersionDate "2012.11.22"]
[SourceQuality "1"]

1. e4 c5 2. Nf3 d6 3. d4 cxd4 4. Nxd4 Nf6 5. Nc3 a6 6. Bd3 e5 7. Nde2 b5 8. Bg5 Be6 9. Qd2 Nbd7 10. 0-0 Be7 11. f4 Nb6 12. b3 0-0 13. f5 Bc8 14. Ng3 Bb7 15. Bxf6 Bxf6 16. Qe2 Rc8 17. Nd1 d5 18. Nf2 Bh4 19. Rad1 Qe7 20. f6 Bxf6 21. Ng4 Bg5 22. Nf5 Qc5+ 23. Kh1 g6 24. Ng3 Qe7 25. Qf2 d4 26. h4 Bxh4 27. Nh6+ Kh8 28. Ngf5 gxf5 29. Nxf5 Bxf2 30. Nxe7 Rc7 31. Nf5 Be3 32. Rf3 Bg5 0-1

[Event "Jakarta Indonesia op 2nd"]
[Site "Jakarta"]
[Date "2012.10.11"]
[Round "1"]
[White "Surya, Wahyudi"]
[Black "Barbosa, Oliver"]
[Result "0-1"]
[WhiteElo "2293"]
[BlackElo "2575"]
[PlyCount "150"]
[EventDate "2012.10.11"]
[EventType "swiss"]
[EventRounds "9"]
[EventCountry "INA"]
[SourceTitle "EXT 2013"]
[Source "ChessBase"]
[SourceDate "2012.11.22"]
[SourceVersion "1"]
[SourceVersionDate "2012.11.22"]
[SourceQuality "1"]

1. d4 d5 2. c4 c6 3. Nc3 Nf6 4. e3 a6 5. Nf3 g6 6. Bd3 Bg7 7. h3 0-0 8. e4 dxe4 9. Nxe4 Nxe4 10. Bxe4 Bf5 11. Bxf5 Qa5+ 12. Qd2 Qxf5 13. 0-0 c5 14. d5 b5 15. Qe2 bxc4 16. Qxc4 Nd7 17. Rd1 Rfb8 18. Qe2 Ne5 19. Nh4 Qf6 20. f4 Qxh4 21. fxe5 Rb4 22. d6 exd6 23. exd6 Rd8 24. d7 Bd4+ 25. Kh1 Kg7 26. Qxa6 Rxd7 27. Qd3 Rd6 28. Bd2 Rxb2 29. Bc3 Rb8 30. Qc4 Kg8 31. a4 Qf6 32. a5 Ra8 33. Bxd4 cxd4 34. Rd3 Raa6 35. Qb5 Qe6 36. Rad1 Rd5 37. Qb8+ Kg7 38. Rxd4 Rxd4 39. Rxd4 Rxa5 40. Rd1 Qe5 41. Qb3 Ra1 42. Rxa1 Qxa1+ 43. Kh2 h5 44. h4 Qe5+ 45. g3 Qe2+ 46. Kg1 Qd2 47. Qf3 Kf8 48. Qf6 Qe1+ 49. Kh2 Qe2+ 50. Kg1 Ke8 51. Qc6+ Ke7 52. Qc7+ Kf6 53. Qd8+ Kf5 54. Qg5+ Ke6 55. Qc5 Qf3 56. Kh2 Qf1 57. Qe3+ Kd5 58. Qe7 Qf2+ 59. Kh3 Kc4 60. Qc7+ Kd3 61. Qd7+ Kc3 62. Qc7+ Kd2 63. Qa5+ Kd1 64. Qd5+ Ke2 65. Qe4+ Qe3 66. Qg2+ Ke1 67. Qh1+ Kd2 68. Qd5+ Qd3 69. Qxf7 Qf5+ 70. Qxf5 gxf5 71. Kh2 Ke3 72. Kg2 Ke2 73. Kh3 Kf3 74. Kh2 Kf2 75. Kh3 Kg1 0-1

[Event "Jakarta Indonesia op 1st"]
[Site "Jakarta"]
[Date "2011.10.17"]
[Round "7"]
[White "Surya, Wahyudi"]
[Black "Gomez, John Paul"]
[Result "0-1"]
[WhiteElo "2255"]
[BlackElo "2515"]
[PlyCount "102"]
[EventDate "2011.10.13"]
[EventType "swiss"]
[EventRounds "9"]
[EventCountry "INA"]
[SourceTitle "EXT 2012"]
[Source "ChessBase"]
[SourceDate "2011.11.24"]
[SourceVersion "1"]
[SourceVersionDate "2011.11.24"]
[SourceQuality "1"]

1. Nf3 c5 2. e4 g6 3. Bc4 Bg7 4. 0-0 Nc6 5. Re1 e6 6. c3 Nge7 7. d4 cxd4 8. Nxd4 0-0 9. Be3 d5 10. exd5 Na5 11. Na3 Nxc4 12. Nxc4 Nxd5 13. Qb3 b6 14. Rad1 Bb7 15. a4 Qc7 16. Nb5 Qe7 17. Bc1 Rfd8 18. Ncd6 Rxd6 19. c4 Nc3 20. Nxc3 Rxd1 21. Nxd1 Qc5 22. Qc2 Rd8 23. b3 Qa5 24. Re2 Qf5 25. Ne3 Qxc2 26. Rxc2 Rd3 27. b4 Rb3 28. Bd2 Bb2 29. c5 bxc5 30. Rxc5 Ra3 31. Rc7 Bd5 32. a5 Ra1+ 33. Nf1 Kg7 34. Rc2 Bd4 35. Rc1 Ra4 36. Ne3 Be4 37. f3 Bd3 38. Bc3 Rxb4 39. Bxd4+ Rxd4 40. Rd1 e5 41. Ng4 Bb5 42. Rc1 f6 43. Rc5 a6 44. Rc7+ Rd7 45. Rxd7+ Bxd7 46. Ne3 Be6 47. Kf2 Kf7 48. Nc2 Ke7 49. Ke3 Kd6 50. g3 Kc5 51. f4 Bf5 0-1

[Event "Universiad Men 26th"]
[Site "Shenzhen"]
[Date "2011.08.18"]
[Round "5"]
[White "Surya, Wahyudi"]
[Black "Olszewski, Michal"]
[Result "0-1"]
[WhiteElo "2222"]
[BlackElo "2541"]
[PlyCount "41"]
[EventDate "2011.08.15"]
[EventType "swiss"]
[EventRounds "9"]
[EventCountry "CHN"]
[SourceTitle "CBM 143 Extra"]
[Source "ChessBase"]
[SourceDate "2011.08.29"]
[SourceVersion "1"]
[SourceVersionDate "2011.08.29"]
[SourceQuality "1"]

1. Nf3 Nf6 2. d4 e6 3. c4 c5 4. Nc3 cxd4 5. Nxd4 Qb6 6. e3 Nc6 7. a3 Be7 8. Ndb5 d5 9. cxd5 exd5 10. Nxd5 Nxd5 11. Qxd5 Be6 12. Qe4 Rd8 13. Be2 0-0 14. 0-0 Bf6 15. a4 a6 16. Na3 Na5 17. Nc4 Qb4 18. Nd2 Qe7 19. Rb1 Rfe8 20. b4 Nc6 21. Bc4 0-1

[Event "Universiad Men 26th"]
[Site "Shenzhen"]
[Date "2011.08.16"]
[Round "3"]
[White "Surya, Wahyudi"]
[Black "Melkumyan, Hrant"]
[Result "1/2-1/2"]
[WhiteElo "2222"]
[BlackElo "2600"]
[PlyCount "41"]
[EventDate "2011.08.15"]
[EventType "swiss"]
[EventRounds "9"]
[EventCountry "CHN"]
[SourceTitle "CBM 143 Extra"]
[Source "ChessBase"]
[SourceDate "2011.08.29"]
[SourceVersion "1"]
[SourceVersionDate "2011.08.29"]
[SourceQuality "1"]

1. d4 Nf6 2. Nf3 g6 3. c4 Bg7 4. Nc3 d5 5. Bg5 Ne4 6. Bh4 Nxc3 7. bxc3 dxc4 8. Qa4+ c6 9. Qxc4 Qa5 10. e3 Be6 11. Qb4 Qxb4 12. cxb4 Nd7 13. Be2 Bd5 14. 0-0 e5 15. dxe5 Nxe5 16. Nd4 0-0 17. a3 f5 18. Rac1 Rae8 19. b5 f4 20. bxc6 bxc6 21. Rfd1 1/2-1/2

[Event "Tagaytay City zt 3.3"]
[Site "Tagaytay City"]
[Date "2011.05.24"]
[Round "1"]
[White "Nguyen, Van Huy"]
[Black "Surya, Wahyudi"]
[Result "1-0"]
[WhiteElo "2454"]
[BlackElo "2234"]
[PlyCount "85"]
[EventDate "2011.05.24"]
[EventType "swiss"]
[EventRounds "9"]
[EventCountry "PHI"]
[SourceTitle "EXT 2012"]
[Source "ChessBase"]
[SourceDate "2011.11.24"]
[SourceVersion "1"]
[SourceVersionDate "2011.11.24"]
[SourceQuality "1"]

1. Nf3 Nf6 2. c4 e6 3. g3 d5 4. Bg2 c6 5. b3 Nbd7 6. 0-0 Bd6 7. Bb2 0-0 8. d3 e5 9. cxd5 cxd5 10. Ba3 Bxa3 11. Nxa3 Qa5 12. Nc2 Re8 13. Qd2 Qb6 14. Rac1 a5 15. b4 e4 16. Nfe1 Ne5 17. bxa5 Rxa5 18. Nb4 Ra4 19. Nec2 Bg4 20. Rb1 Qa7 21. Rfe1 h6 22. Qc3 Qa5 23. Ne3 Nc6 24. Nbxd5 Nxd5 25. Qxa5 Nxa5 26. Nxd5 exd3 27. exd3 Rxe1+ 28. Rxe1 Rxa2 29. h3 Bd7 30. Re7 Ra1+ 31. Kh2 Bc6 32. Rc7 g6 33. Ne7+ Kg7 34. Nxc6 bxc6 35. Ra7 Ra2 36. h4 Kf6 37. Kh3 Ra1 38. Bxc6 Nb3 39. Rxa1 Nxa1 40. Ba4 Ke5 41. f4+ Kd5 42. Kg4 f6 43. h5 1-0

[Event "Jakarta Telin op"]
[Site "Jakarta"]
[Date "2011.04.05"]
[Round "6"]
[White "Rahangiar, Johan"]
[Black "Surya, Wahyudi"]
[Result "0-1"]
[WhiteElo "2070"]
[BlackElo "2234"]
[PlyCount "90"]
[EventDate "2011.04.01"]
[EventType "swiss"]
[EventRounds "9"]
[EventCountry "INA"]
[SourceTitle "CBM 141 Extra"]
[Source "ChessBase"]
[SourceDate "2011.05.03"]
[SourceVersion "1"]
[SourceVersionDate "2011.05.03"]
[SourceQuality "1"]

1. Nf3 Nf6 2. g3 e6 3. Bg2 d5 4. 0-0 Nbd7 5. d4 Bd6 6. Nbd2 0-0 7. c4 b6 8. e4 Nxe4 9. Nxe4 dxe4 10. Ng5 Nf6 11. Nxe4 Nxe4 12. Bxe4 Rb8 13. c5 bxc5 14. dxc5 Bxc5 15. Qc2 Bd4 16. Bxh7+ Kh8 17. Be4 Qf6 18. Qxc7 Ba6 19. Qa5 e5 20. Bg5 Qxg5 21. Qxa6 f5 22. Bc2 f4 23. Qd3 Qh5 24. Qg6 Qh3 25. g4 Rxb2 26. Be4 Rb6 27. Qh5+ Qxh5 28. gxh5 Bxa1 29. Rxa1 f3 30. Rd1 Rb4 31. Re1 Rb2 32. Bg6 Re2 33. Rc1 e4 34. Kf1 e3 35. fxe3 Rxh2 36. Rc7 Rxa2 37. Bf7 Re2 38. Rxa7 Rxe3 39. Kf2 Rc3 40. Kg3 Kh7 41. Rb7 Rc6 42. Kf2 Kh6 43. Ra7 Rf6 44. Bd5 Rd8 45. Ra5 Rdd6 0-1

[Event "Jakarta Telin op"]
[Site "Jakarta"]
[Date "2011.04.05"]
[Round "7"]
[White "Surya, Wahyudi"]
[Black "Gunawan, Ronny"]
[Result "1/2-1/2"]
[WhiteElo "2234"]
[BlackElo "2420"]
[PlyCount "70"]
[EventDate "2011.04.01"]
[EventType "swiss"]
[EventRounds "9"]
[EventCountry "INA"]
[SourceTitle "CBM 141 Extra"]
[Source "ChessBase"]
[SourceDate "2011.05.03"]
[SourceVersion "1"]
[SourceVersionDate "2011.05.03"]
[SourceQuality "1"]

1. d4 e6 2. Nf3 d5 3. c4 c6 4. Nc3 f5 5. g3 Nf6 6. Bg2 Bd6 7. 0-0 0-0 8. b3 Nbd7 9. c5 Bc7 10. Bf4 Ne4 11. Qc2 e5 12. Nxe5 Nxe5 13. Bxe5 Bxe5 14. dxe5 Qe7 15. Nxe4 fxe4 16. f4 exf3 17. exf3 Qxe5 18. Rfe1 Qf6 19. Qe2 Bf5 20. g4 Bd7 21. Qe5 Qxe5 22. Rxe5 b6 23. Rc1 Rfe8 24. Rxe8+ Rxe8 25. Kf2 g5 26. b4 Kg7 27. Bf1 Kf6 28. a4 bxc5 29. Rxc5 Rb8 30. b5 cxb5 31. Rxd5 Be6 32. Rxb5 Rxb5 33. Bxb5 Ke5 34. Kg3 h6 35. h4 a5 1/2-1/2

[Event "WUCC op 11th"]
[Site "Zuerich"]
[Date "2010.09.07"]
[Round "4"]
[White "Carron, Julien"]
[Black "Surya, Wahyudi"]
[Result "0-1"]
[WhiteElo "2394"]
[BlackElo "2233"]
[PlyCount "138"]
[EventDate "2010.09.05"]
[EventType "swiss"]
[EventRounds "9"]
[EventCountry "SUI"]
[SourceTitle "CBM 138 Extra"]
[Source "ChessBase"]
[SourceDate "2010.10.29"]
[SourceVersion "1"]
[SourceVersionDate "2010.10.29"]
[SourceQuality "1"]

1. d4 d5 2. Nf3 Nf6 3. c4 e6 4. g3 dxc4 5. Bg2 c5 6. 0-0 Nc6 7. Na3 cxd4 8. Nxc4 Be7 9. Qb3 Nd7 10. Bf4 0-0 11. Rfd1 Nc5 12. Qc2 f6 13. b4 Nxb4 14. Qb2 Na4 15. Qb3 Nc3 16. Rd2 Ncd5 17. Nxd4 Nxf4 18. gxf4 Qc7 19. f5 Kh8 20. fxe6 Na6 21. Bd5 Qf4 22. Qg3 Qxg3+ 23. hxg3 Nc7 24. e4 Bc5 25. Rc1 Bxd4 26. e7 Re8 27. Rxd4 Rxe7 28. Nd6 Bh3 29. Nf7+ Kg8 30. Rxc7 Rxc7 31. Ng5+ Kf8 32. Nxh3 g5 33. g4 Rd8 34. Rb4 b6 35. Rb2 Rdc8 36. Kg2 Rc2 37. Rxc2 Rxc2 38. Ng1 b5 39. Nf3 a5 40. Nd4 Rb2 41. Kf3 a4 42. Ke3 b4 43. Ne6+ Ke7 44. Nc5 b3 45. a3 Rc2 46. Nxa4 b2 47. Nxb2 Rxb2 48. a4 Rb4 49. Bc6 Kd6 50. Be8 Ke5 51. Bc6 Rc4 52. Bb5 Rxe4+ 53. Kf3 Rb4 54. Kg3 Rb3+ 55. f3 Ra3 56. Bc6 Kd4 57. Kg2 Ke3 58. Kg3 Ra1 59. Kg2 Kf4 60. Kf2 Ra2+ 61. Kf1 Ke3 62. Kg1 Kd4 63. Bd7 h6 64. Kf1 Ke3 65. Bc6 Rc2 66. Bd5 Rc5 67. Bb7 f5 68. Kg2 fxg4 69. fxg4 Kf4 0-1